Giants Three-time World Series Winners - Statistics

General Stats
  • This quiz has been taken 4 times
  • The average score is 5 of 9
Answer Stats
Position Player % Correct
C Buster Posey
100%
SP Madison Bumgarner
75%
SP Tim Lincecum
75%
RP Jeremy Affeldt
50%
SP Matt Cain
50%
3B Pablo Sandoval
50%
RP Sergio Romo
50%
RP Javier Lopez
25%
RP Santiago Casilla
25%
No matching quizzes found
Score Distribution
Percent of People with Each Score
Percentile by Number Answered
Your Score History
You have not taken this quiz